000
00225nam a22000857a 4500
008
160715b xxu||||| |||| 00| 0 eng d
100
_9
2918
_a
Brien T.O
245
_a
General Knowledge-8
260
_a
New Delhi
_b
Frank Publication
_c
2012
999
_c
2483
_d
2483